<?xml version="1.0" encoding="UTF-8"?>
<record
    xmlns:xsi="http://www.w3.org/2001/XMLSchema-instance"
    xsi:schemaLocation="http://www.loc.gov/MARC21/slim http://www.loc.gov/standards/marcxml/schema/MARC21slim.xsd"
    xmlns="http://www.loc.gov/MARC21/slim">

  <leader>00356nam a22001097a 4500</leader>
  <datafield tag="082" ind1=" " ind2=" ">
    <subfield code="a">297.64 NAZ</subfield>
  </datafield>
  <datafield tag="245" ind1=" " ind2=" ">
    <subfield code="a">Fakahr ul mashaikh aur un ki Mantikhab Mahsareen /</subfield>
    <subfield code="c">Nazeer Ahmed Shariqpuri Naqashbandi Mujhdadi </subfield>
  </datafield>
  <datafield tag="260" ind1=" " ind2=" ">
    <subfield code="a">Lahore :</subfield>
    <subfield code="b">Bazm-i-Jameel,</subfield>
    <subfield code="c">2020.</subfield>
  </datafield>
  <datafield tag="300" ind1=" " ind2=" ">
    <subfield code="a">592 p. ;</subfield>
    <subfield code="c">21 cm.</subfield>
  </datafield>
  <datafield tag="942" ind1=" " ind2=" ">
    <subfield code="2">ddc</subfield>
    <subfield code="c">BK</subfield>
  </datafield>
  <datafield tag="999" ind1=" " ind2=" ">
    <subfield code="c">586114</subfield>
    <subfield code="d">586114</subfield>
  </datafield>
  <datafield tag="952" ind1=" " ind2=" ">
    <subfield code="0">0</subfield>
    <subfield code="1">0</subfield>
    <subfield code="2">ddc</subfield>
    <subfield code="4">0</subfield>
    <subfield code="6">297_640000000000000_NAZ</subfield>
    <subfield code="7">0</subfield>
    <subfield code="9">573646</subfield>
    <subfield code="a">CL</subfield>
    <subfield code="b">CL</subfield>
    <subfield code="c">ISL</subfield>
    <subfield code="d">2021-08-06</subfield>
    <subfield code="e">Donated by Dr. Nazeer Ahmed Shariqpuri</subfield>
    <subfield code="l">0</subfield>
    <subfield code="o">297.64 NAZ</subfield>
    <subfield code="p">CL-D-1139</subfield>
    <subfield code="r">2021-08-06</subfield>
    <subfield code="w">2021-08-06</subfield>
    <subfield code="y">BK</subfield>
  </datafield>
</record>
